Управление качеством: учебник

Opis bibliograficzny
1. autor: Мельников В. П. Владимир Павлович
Kolejni autorzy: Смоленцев В. П. Владислав Павлович (редактор), Схиртладзе А. Г. Александр Георгиевич, Мельников В. П.
Streszczenie:Изложены современная концепция, задачи и практика управления качеством. Рассмотрены системный подход к обеспечению качества на производстве, нормативно-правовое и технологическое обеспечение процессов управления качеством, методы контроля качества продукции, методология оценок показателей качества и надежности, вопросы метрологии, стандартизации и сертификации. Приведены методики определения эффективности управления качеством и словарь терминов. Для студентов учреждений среднего профессионального образования. Может быть полезен студентам вузов и специалистам предприятий, участвующих в организации и эксплуатации систем качества.
Język:rosyjski
Wydane: Москва, Академия, 2005
Seria:Среднее профессиональное образование
Hasła przedmiotowe:
Format: Książka
KOHA link:https://koha.lib.tpu.ru/cgi-bin/koha/opac-detail.pl?biblionumber=78785

MARC

LEADER 00000nam0a2200000 4500
001 78785
005 20231101213020.0
010 |a 5769515708 
035 |a (RuTPU)RU\TPU\book\84575 
090 |a 78785 
100 |a 20050701d2005 m y0rusy50 ca 
101 0 |a rus 
102 |a RU 
105 |a a j 001zy 
200 1 |a Управление качеством  |e учебник  |f В. П. Мельников, В. П. Смоленцев, А. Г. Схиртладзе  |g под ред. В. П. Мельникова 
210 |a Москва  |c Академия  |d 2005 
215 |a 347 с.  |c ил. 
225 1 |a Среднее профессиональное образование  |i Машиностроение 
320 |a Библиогр.: с. 340-341. 
330 |a Изложены современная концепция, задачи и практика управления качеством. Рассмотрены системный подход к обеспечению качества на производстве, нормативно-правовое и технологическое обеспечение процессов управления качеством, методы контроля качества продукции, методология оценок показателей качества и надежности, вопросы метрологии, стандартизации и сертификации. Приведены методики определения эффективности управления качеством и словарь терминов. Для студентов учреждений среднего профессионального образования. Может быть полезен студентам вузов и специалистам предприятий, участвующих в организации и эксплуатации систем качества. 
606 1 |a Качество продукции  |x Управление  |2 stltpush  |3 (RuTPU)RU\TPU\subj\14180  |9 40640 
610 1 |a система качества 
610 1 |a контроль 
610 1 |a продукция 
610 1 |a оценка качества 
610 1 |a качественные показатели 
610 1 |a интеллектуальный труд 
610 1 |a технологическое обеспечение 
610 1 |a метрологическое обеспечение 
610 1 |a диагностика 
610 1 |a сертификация 
610 1 |a автоматизированные системы управления 
610 1 |a экономическая эффективность 
610 1 |a учебники 
675 |a 658.562(075.3)  |v 3 
700 1 |a Мельников  |b В. П.  |g Владимир Павлович 
701 1 |a Смоленцев  |b В. П.  |g Владислав Павлович 
701 1 |a Схиртладзе  |b А. Г.  |g Александр Георгиевич 
702 1 |a Мельников  |b В. П.  |4 340 
801 1 |a RU  |b 63413507  |c 20050701  |g PSBO 
801 2 |a RU  |b 63413507  |c 20201106  |g PSBO 
900 |a Управление качеством 
900 |a Технология машиностроения 
900 |a Вычислительные машины и системы 
900 |a Вычислительные комплексы, системы и сети 
942 |c BK 
952 |a 550000  |b 120100 
959 |a 57/20050630  |d 2  |e 0  |f ЧЗТЛ:2